[Event "Kingston Chan Memorial op"]
[Site "Kingston"]
[Date "2017.09.23"]
[Round "3"]
[White "Smith, Annesha"]
[Black "Lobban, Brandon"]
[Result "0-1"]
[WhiteElo "1748"]
[BlackElo "1653"]
[PlyCount "112"]
[EventDate "2017.09.21"]
[EventType "swiss"]
[EventRounds "6"]
[EventCountry "JAM"]
[SourceTitle "EXT 2020"]
[Source "ChessBase"]
[SourceDate "2019.10.17"]
[SourceVersion "1"]
[SourceVersionDate "2019.10.17"]
[SourceQuality "1"]

1. d4 Nf6 2. Nf3 g6 3. g3 Bg7 4. Bg2 0-0 5. 0-0 d6 6. c4 Nc6 7. Nc3 e5 8. dxe5 dxe5 9. Qxd8 Rxd8 10. Nb5 Ne8 11. a3 Nd4 12. Nfxd4 exd4 13. Bg5 f6 14. Bf4 c6 15. Nc7 Nxc7 16. Bxc7 Re8 17. Bf3 Bh3 18. Rfd1 Rac8 19. Bd6 Red8 20. c5 f5 21. Rab1 Bg4 22. Bxg4 fxg4 23. b4 b5 24. Rb3 Re8 25. Kf1 Re6 26. Rbd3 Rce8 27. R1d2 g5 28. Ra2 Rc8 29. a4 a6 30. axb5 axb5 31. Rda3 Ree8 32. Ra7 d3 33. exd3 Bc3 34. Re2 Rxe2 35. Kxe2 Re8+ 36. Kf1 Re1+ 37. Kg2 Bxb4 38. d4 Rd1 39. Be5 Bc3 40. Rc7 b4 41. Rb7 h5 42. Bf6 Kf8 43. Bxg5 Rxd4 44. Bf6 Rc4 45. Bxc3 bxc3 46. Rb1 c2 47. Rc1 Rxc5 48. Kf1 Ke7 49. Ke2 Kd6 50. Kd2 Kd5 51. Ke3 Ke5 52. f4+ gxf3 53. Kxf3 Kd4 54. Re1 c1Q 55. Rxc1 Rxc1 56. Kf4 Re1 0-1